The rise and fall of the great powers : (Record no. 541703)

000 -LEADER
fixed length control field 00854cam a2200229 a 4500
020 ## - INTERNATIONAL STANDARD BOOK NUMBER
International Standard Book Number 0679720197 :
082 00 - DEWEY DECIMAL CLASSIFICATION NUMBER
Classification number 909.82
Author Mark KEN
-- MCE, L-30, p-185
100 1# - MAIN ENTRY--PERSONAL NAME
Personal name Kennedy, Paul M.,
9 (RLIN) 1495
245 14 - TITLE STATEMENT
Title The rise and fall of the great powers :
Remainder of title economic change and military conflict from 1500 to 2000 /
Statement of responsibility, etc. by Paul Kennedy.
250 ## - EDITION STATEMENT
Edition statement 1st Vintage Books ed.
260 ## - PUBLICATION, DISTRIBUTION, ETC.
Place of publication, distribution, etc. New York :
Name of publisher, distributor, etc. Vintage Books,
Date of publication, distribution, etc. 1989, c1987.
300 ## - PHYSICAL DESCRIPTION
Extent xxv, 677 p. :
Other physical details maps ;
Dimensions 21 cm.
500 ## - GENERAL NOTE
General note Includes index.
526 ## - STUDY PROGRAM INFORMATION NOTE
Program name 0
Interest level 0
Reading level 0
Title point value 909_820000000000000_KEN
650 #0 - SUBJECT ADDED ENTRY--TOPICAL TERM
Topical term or geographic name entry element Balance of power.
9 (RLIN) 36712
650 #0 - SUBJECT ADDED ENTRY--TOPICAL TERM
Topical term or geographic name entry element Economic history.
650 #0 - SUBJECT ADDED ENTRY--TOPICAL TERM
Topical term or geographic name entry element History, Modern.
9 (RLIN) 36713
650 #0 - SUBJECT ADDED ENTRY--TOPICAL TERM
Topical term or geographic name entry element Military history, Modern.
9 (RLIN) 36714
650 #0 - SUBJECT ADDED ENTRY--TOPICAL TERM
Topical term or geographic name entry element Military readiness
General subdivision Economic aspects.
9 (RLIN) 36715
856 42 - ELECTRONIC LOCATION AND ACCESS
Uniform Resource Identifier <a href="http://www.loc.gov/catdir/description/random042/88040123.html">http://www.loc.gov/catdir/description/random042/88040123.html</a>
942 ## - ADDED ENTRY ELEMENTS (KOHA)
Source of classification or shelving scheme
Koha item type Book
Holdings
Withdrawn status Lost status Source of classification or shelving scheme Damaged status Not for loan Permanent Location Current Location Date acquired Total Checkouts Full call number Barcode Date last seen Price effective from Koha item type
          Military College of Engineering (MCE) Military College of Engineering (MCE) 08/22/2013   909.82 KEN MCE-26974/1 08/22/2013 08/22/2013 Book
© 2023 Central Library, National University of Sciences and Technology. All Rights Reserved.